|
|
|
|
| LEADER |
00000caa a22000002c 4500 |
| 001 |
1639423001 |
| 003 |
DE-627 |
| 005 |
20220608125016.0 |
| 007 |
tu |
| 008 |
160223s1992 xx ||||| 00| ||eng c |
| 035 |
|
|
|a (DE-627)1639423001
|
| 035 |
|
|
|a (DE-576)455861196
|
| 035 |
|
|
|a (DE-599)BSZ455861196
|
| 040 |
|
|
|a DE-627
|b ger
|c DE-627
|e rakwb
|
| 041 |
|
|
|a eng
|
| 100 |
1 |
|
|a Farrington, David
|d 1944-2024
|0 (DE-588)1033146951
|0 (DE-627)740055585
|0 (DE-576)160911001
|4 aut
|
| 109 |
|
|
|a Farrington, David 1944-2024
|a Farrington, David P. 1944-2024
|a Farrington, D. P. 1944-2024
|a Farrington, David Philip 1944-2024
|
| 245 |
1 |
0 |
|a Criminal Career Research: Lessons for Crime Prevention
|c David P. Farrington
|
| 264 |
|
1 |
|c 1992
|
| 336 |
|
|
|a Text
|b txt
|2 rdacontent
|
| 337 |
|
|
|a ohne Hilfsmittel zu benutzen
|b n
|2 rdamedia
|
| 338 |
|
|
|a Band
|b nc
|2 rdacarrier
|
| 773 |
0 |
8 |
|i In
|t Studies on crime and crime prevention
|d Oslo : Scandinavian Univ. Press, 1992
|g (1992), Seite 7-29
|w (DE-627)171035933
|w (DE-600)1142901-X
|w (DE-576)033042942
|x 1102-3937
|7 nnas
|
| 773 |
1 |
8 |
|g year:1992
|g pages:7-29
|
| 935 |
|
|
|a mkri
|
| 951 |
|
|
|a AR
|
| ELC |
|
|
|b 1
|
| LOK |
|
|
|0 000 xxxxxcx a22 zn 4500
|
| LOK |
|
|
|0 001 3300007828
|
| LOK |
|
|
|0 003 DE-627
|
| LOK |
|
|
|0 004 1639423001
|
| LOK |
|
|
|0 005 20250610122529
|
| LOK |
|
|
|0 008 160208||||||||||||||||ger|||||||
|
| LOK |
|
|
|0 040
|a DE-21-110
|c DE-627
|d DE-21-110
|
| LOK |
|
|
|0 689
|a s
|a Prävention
|
| LOK |
|
|
|0 689
|a s
|a Kriminelle Karriere
|
| LOK |
|
|
|0 852
|a DE-21-110
|
| LOK |
|
|
|0 852 1
|m p
|9 00
|
| LOK |
|
|
|0 935
|a k110
|
| LOK |
|
|
|0 938
|k p
|
| LOK |
|
|
|0 939
|a 08-02-16
|b l01
|
| ORI |
|
|
|a SA-MARC-krimdoka001.raw
|